Valtiot, joilla on eniten kesäolympialaisten mitaleja - Statistics

Yleistilastot
  • Tätä visaa on pelattu 2 775 kertaa
  • Keskiarvotulos 15 / 20
Vastaustilastot
Mitaleja Valtio % Oikein
2764 Yhdysvallat
99%
727 Kiina
96%
1010 Saksa / Länsi-Saksa
96%
798 Ranska
95%
495 Venäjä
95%
514 Ruotsi
94%
542 Japani
91%
305 Suomi
91%
658 Italia
90%
353 Kanada
90%
981 Iso-Britannia
87%
600 Australia
80%
308 Puola
77%
1122 Neuvostoliitto / Yhdistynyt joukkue
70%
356 Alankomaat
62%
320 Etelä-Korea
62%
530 Unkari
43%
409 Itä-Saksa
40%
317 Romania
35%
235 Kuuba
26%
Ehtoja vastaavia visoja ei löytynyt
Tulosjakauma
Jokaisen tuloksen saaneiden osuus
Persentiili vastausten määrän mukaan
Tuloshistoriasi
Et ole pelannut tätä visaa